| 000 | 00580nam a2200241Ia 4500 | ||
|---|---|---|---|
| 003 | LK-CoDNM | ||
| 008 | 010623t1891 xxu||||| |||| 00| 1 eng d | ||
| 040 |
_aLK-CoDNM _dLK-CoDNM _eLK-CoDNM |
||
| 041 | _aeng | ||
| 080 |
_a50 _bB 17 |
||
| 245 | _aFrom Colombo to Nuwara Eliya"By Sea Land" | ||
| 260 |
_bA.M.J.Ferguson _aColombo _c1891 |
||
| 300 | _bX,300P., 17 cm | ||
| 650 | _aAnuradhapura | ||
| 650 | _aBadulla | ||
| 650 | _aBatticaloa | ||
| 650 | _aGeography | ||
| 650 | _aHaputale | ||
| 650 | _aJaffna | ||
| 650 | _aTravels | ||
| 650 | _aTrincomalee | ||
| 942 | _cBK | ||
| 999 |
_c83325 _d83325 |
||